000 00696nam a2200253 4500
008 s2004 fr fre u
020 _a201135224X
020 _a9782011352248
040 _aLB-BrCRDP
082 1 _a1re.S
_bPHY.g
100 1 _aDurandeau, Jean - Pierre
245 1 0 _aPhysique 1re S / livre du professeur
_cJ.- P. Durandeau
250 _a3e éd.
260 _aParis
_bHachette
_c2004
300 _a142 p.
_bcouv. couleur, ill. coul.
_c30 cm
490 0 _aDurandeau
500 _aSommaire.
650 4 _aOptique
650 4 _aPhysique
650 4 _aElectrodynamique
650 4 _aClasse de 1re
942 _cBK
999 _c636
_d636